[Event "Natal Potiguar op 4th"]
[Site "Natal"]
[Date "2014.07.25"]
[Round "1"]
[White "Barbosa, Vitor Hugo Villar D"]
[Black "Pinheiro, Davi Sales"]
[Result "0-1"]
[WhiteElo "1665"]
[BlackElo "1988"]
[PlyCount "40"]
[EventDate "2014.07.25"]
[EventType "swiss"]
[EventRounds "5"]
[EventCountry "BRA"]
[SourceTitle "EXT 2015"]
[Source "ChessBase"]
[SourceDate "2014.11.20"]
[SourceVersion "1"]
[SourceVersionDate "2014.11.20"]
[SourceQuality "1"]

1. d4 Nf6 2. c4 e6 3. Nf3 b6 4. g3 Ba6 5. Qc2 Bb4+ 6. Bd2 Be7 7. e4 d5 8. e5 Ne4 9. Bd3 f5 10. exf6 Nxf6 11. Ne5 dxc4 12. Bxh7 Qd5 13. Qg6+ Kd8 14. 0-0 Bb7 15. f3 Qxd4+ 16. Kh1 Qxe5 17. Bf4 Qe2 18. Nc3 Bxf3+ 19. Rxf3 Qxf3+ 20. Kg1 Bc5+ 0-1

[Event "Natal Potiguar op 3rd"]
[Site "Natal"]
[Date "2014.04.19"]
[Round "2"]
[White "Pinheiro, Davi Sales"]
[Black "Macedo, Maximo Valerio"]
[Result "0-1"]
[WhiteElo "1976"]
[BlackElo "2066"]
[PlyCount "110"]
[EventDate "2014.04.18"]
[EventType "swiss"]
[EventRounds "5"]
[EventCountry "BRA"]
[SourceTitle "CBM 160 Extra"]
[Source "ChessBase"]
[SourceDate "2014.07.01"]
[SourceVersion "1"]
[SourceVersionDate "2014.07.01"]
[SourceQuality "1"]

1. d4 Nf6 2. c4 g6 3. Nc3 Bg7 4. Nf3 0-0 5. g3 d6 6. Bg2 Nc6 7. 0-0 e5 8. d5 Ne7 9. h3 Ne8 10. Be3 c5 11. dxc6 bxc6 12. b3 Qc7 13. Rc1 Rb8 14. Ne1 Be6 15. Nd3 Qd7 16. Kh2 f5 17. f3 Nf6 18. Qd2 c5 19. Rcd1 Rfd8 20. Bh6 Bh8 21. e4 Nc6 22. exf5 Bxf5 23. g4 Be6 24. f4 exf4 25. g5 Nh5 26. Nxc5 dxc5 27. Qxd7 Rxd7 28. Rxd7 f3 29. Rd3 Be5+ 30. Kg1 fxg2 31. Kxg2 Nf4+ 32. Rxf4 Bxf4 33. Nd5 Bxd5+ 34. Rxd5 Be3 35. Rd6 Nb4 36. Rd7 Nxa2 37. Rxa7 Nc3 38. Rg7+ Kh8 39. Kf3 Bd4 40. Rc7 Kg8 41. Rd7 Rxb3 42. Rd8+ Kf7 43. Rd7+ Ke6 44. Rxh7 Nd5+ 45. Kg2 Ne3+ 46. Kg3 Nxc4+ 47. Kh2 Be5+ 48. Kg2 Ne3+ 49. Kf2 Nf5 50. Bf8 Bd4+ 51. Kg2 Rb8 52. Bh6 Rh8 53. Rxh8 Bxh8 54. Kf3 Kd5 55. Bf8 Bg7 0-1

[Event "Natal Potiguar IRT op"]
[Site "Natal"]
[Date "2014.03.29"]
[Round "3"]
[White "Dantas, Rhuan de Araujo"]
[Black "Pinheiro, Davi Sales"]
[Result "0-1"]
[WhiteElo "1651"]
[BlackElo "1976"]
[PlyCount "108"]
[EventDate "2014.03.28"]
[EventType "swiss"]
[EventRounds "5"]
[EventCountry "BRA"]
[SourceTitle "CBM 159 Extra"]
[Source "ChessBase"]
[SourceDate "2014.04.24"]
[SourceVersion "1"]
[SourceVersionDate "2014.04.24"]
[SourceQuality "1"]

1. e4 c5 2. Nf3 d6 3. Bc4 Nc6 4. 0-0 Nf6 5. Nc3 Bg4 6. h3 Bh5 7. Be2 e6 8. d3 Be7 9. Nh2 Bxe2 10. Nxe2 d5 11. Ng3 0-0 12. Ng4 dxe4 13. Nxf6+ Bxf6 14. Nxe4 Be7 15. Be3 b6 16. Qd2 f5 17. Nc3 Bf6 18. Rfe1 e5 19. f3 Qd7 20. Rad1 Rad8 21. Bg5 Qf7 22. Bxf6 Qxf6 23. Qe2 Rd4 24. a3 Rh4 25. Qf2 Rd8 26. Qg3 h5 27. Ne2 Ra4 28. Nc3 Rad4 29. Ne2 R4d6 30. Nc3 h4 31. Qf2 Qg5 32. Qe3 Qxe3+ 33. Rxe3 c4 34. Kf2 f4 35. Ree1 cxd3 36. cxd3 Rxd3 37. Rxd3 Rxd3 38. Ke2 Rd6 39. Ne4 Rg6 40. Kf2 Kf7 41. Rc1 Ke7 42. b4 Kd7 43. Rd1+ Nd4 44. a4 Rc6 45. Ra1 Rc2+ 46. Kg1 Nf5 47. a5 Ne3 48. Nf2 Kc6 49. axb6 Kxb6 50. Ra5 Rc1+ 51. Kh2 Nf1+ 52. Kg1 Ng3+ 53. Kh2 Rf1 54. Ra2 Kb5 0-1

[Event "Natal Potiguar IRT op"]
[Site "Natal"]
[Date "2014.03.28"]
[Round "1"]
[White "Pinheiro, Davi Sales"]
[Black "Barbosa, Vitor Hugo Villar D"]
[Result "0-1"]
[WhiteElo "1976"]
[BlackElo "1810"]
[PlyCount "58"]
[EventDate "2014.03.28"]
[EventType "swiss"]
[EventRounds "5"]
[EventCountry "BRA"]
[SourceTitle "CBM 159 Extra"]
[Source "ChessBase"]
[SourceDate "2014.04.24"]
[SourceVersion "1"]
[SourceVersionDate "2014.04.24"]
[SourceQuality "1"]

1. d4 Nf6 2. c4 g6 3. Nc3 Bg7 4. Nf3 0-0 5. g3 d6 6. Bg2 Nbd7 7. 0-0 e5 8. Qc2 exd4 9. Nxd4 Ng4 10. Rd1 Nb6 11. h3 Ne5 12. b3 h5 13. a4 h4 14. f4 hxg3 15. fxe5 Bxe5 16. Nf3 Qf6 17. Bg5 Qg7 18. Nxe5 dxe5 19. Rac1 Qh8 20. h4 Bf5 21. e4 f6 22. exf5 fxg5 23. Qe4 gxf5 24. Qe1 Qxh4 25. a5 Qh2+ 26. Kf1 f4 27. Rd3 g4 28. Ne2 f3 29. Bxf3 g2+ 0-1

[Event "Natal Potiguar op"]
[Site "Natal"]
[Date "2013.07.06"]
[Round "3"]
[White "De Melo, Fernando Sa"]
[Black "Pinheiro, Davi Sales"]
[Result "1/2-1/2"]
[WhiteElo "2105"]
[BlackElo "1919"]
[PlyCount "92"]
[EventDate "2013.07.05"]
[EventType "swiss"]
[EventRounds "6"]
[EventCountry "BRA"]
[SourceTitle "EXT 2014"]
[Source "ChessBase"]
[SourceDate "2013.11.20"]
[SourceVersion "1"]
[SourceVersionDate "2013.11.20"]
[SourceQuality "1"]

1. d4 Nf6 2. c4 e6 3. Nc3 Bb4 4. e3 c5 5. Bd3 cxd4 6. exd4 Nc6 7. Nf3 d5 8. 0-0 dxc4 9. Bxc4 Bxc3 10. bxc3 Nd5 11. Qd3 0-0 12. Ng5 Nf6 13. Re1 Na5 14. Bf4 Nxc4 15. Qxc4 Qd5 16. Qd3 b5 17. Re5 Qc4 18. Qxc4 bxc4 19. Rc5 Ba6 20. Ra5 Bb7 21. Rb1 Bd5 22. f3 h6 23. Nh3 g5 24. Bd6 Rfc8 25. Nf2 Rc6 26. Ba3 Rc7 27. Nd1 Rb7 28. Rxb7 Bxb7 29. Ra4 Bc6 30. Rxc4 Bd5 31. Ra4 Bxa2 32. Ne3 Bb3 33. Ra6 Nd5 34. Nxd5 exd5 35. Bc5 Bc4 36. Rxa7 Rxa7 37. Bxa7 Kg7 38. Kf2 Kg6 39. g3 h5 40. Ke3 g4 41. Kf4 f5 42. Bb8 Be2 43. fxg4 hxg4 44. Ke5 Bc4 45. Bd6 Ba2 46. Ke6 Bc4 1/2-1/2